Návrh procesu vzdelávania zamestnancov zameraný na vysokú efektívnosť diplomová práca

Guardado en:
Detalles Bibliográficos
Autor principal: Berkiová, Patrícia
Autor Corporativo: Fakulta podnikového manažmentu EU. Katedra manažmentu
Otros Autores: Ďurišová, Soňa, 1983-
Formato: Libro
Lenguaje:eslovaco
Publicado: Bratislava 2025
Etiquetas: Agregar Etiqueta
Sin Etiquetas, Sea el primero en etiquetar este registro!

MARC

LEADER 00000nbm a2200000 4500
001 0309720
005 20251217134231.0
041 0 |a slo 
044 |a SK 
245 1 0 |a Návrh procesu vzdelávania zamestnancov zameraný na vysokú efektívnosť  |b diplomová práca  |c Patrícia Berkiová ; školiteľ: Soňa Ďurišová 
264 1 |a Bratislava  |c 2025 
300 |a 82 s. 
100 1 |a Berkiová, Patrícia 
700 1 |a Ďurišová, Soňa, 1983- 
710 2 |a Fakulta podnikového manažmentu EU. Katedra manažmentu